Vem e abraça-me (Registo nº 4277)

Detalhes MARC
000 -Etiqueta do registo
Cabeçalho 00828cam a2200301 4500
005 - Identificador da versão
Campo de controlo 20240813122057.0
010 ## - Número internacional normalizado dos livros (ISBN)
Número (ISBN) 9726997275
021 ## - Número do Depósito Legal
Código do país PT
Número 186574/02
100 ## - Dados gerais de processamento
Dados gerais de processamento 20030411d2002 d y0pory5003 ba
102 ## - Pais de publicação ou produção
País de publicação Portugal
101 1# - Língua de publicação
Língua do texto, banda sonora, etc. Português
Língua do documento no original Hebraico
106 ## - Campo de dados codificados: material textual
Dados codificados do material textual r
105 ## - Campo de dados codificados: livros
Dados codificados dos livros a z 000fy
215 ## - Descrição física 
Indicação específica da natureza do documento e extensão da espécie [40] p.
Outras indicações físicas il.
Dimensões 24 cm
200 1# - Titulo e menção de responsabilidade
Título próprio Vem e abraça-me
Primeira menção de responsabilidade Michal Snunit
Outras menções de responsabilidade il. Vanessa Levy
-- trad. Tsruya Chebach, Raz Bar-On e Aner Moss
225 1# - Colecção 
Título próprio da colecção Lendas e contos
205 ## - Menção da edição
Menção da edição 1ª ed
210 ## - Publicação, Distribuição, etc. 
Lugar da edição, distribuição, etc. Lisboa
Nome do editor, distribuidor, etc. Vega
Data da publicação, distribuição, etc. 2002
675 ## - Classificação Decimal Universal (CDU)
Notação 087.5
Edição BN
Língua da edição por
702 #1 - Nome de autor-pessoa física (responsabilidade secundária)
Número de registo de entrada de autoridade 0001007
Palavra de ordem Levy
Outra parte do nome não tomada para palavra de ordem Vanessa
Código de função Ilustrador / Técnico de desenho computorizado
Número de registo de entrada de autoridade 0001008
Palavra de ordem Chebach
Outra parte do nome não tomada para palavra de ordem Tsruya
Código de função Tradutor
Número de registo de entrada de autoridade 0001009
Palavra de ordem Bar-On
Outra parte do nome não tomada para palavra de ordem Raz
Código de função Tradutor
Número de registo de entrada de autoridade 0001010
Palavra de ordem Moss
Outra parte do nome não tomada para palavra de ordem Aner
Código de função Tradutor
700 #1 - Nome de autor-pessoa física (responsabilidade principal)
Número de registo de entrada de autoridade 0001006
Palavra de ordem Snunit
Outra parte do nome não tomada para palavra de ordem Michal
942 ## - Elementos de entrada adicionados (Koha)
Tipo de item no Koha Livro
Exemplares
Situação do levantamento Origin of item (home branch) (coded) Biblioteca de empréstimo Código de barras Cota Circulation type (not for loan) Tipo de documento Nota do exemplar Damaged status
  Biblioteca Escolar das Vendas Biblioteca Escolar das Vendas BEV890 3 SNU   Livro Sem mensagem